Quelques pages d'histoire contemporaine (Record no. 162561)

MARC details
000 -LEADER
campo de control de longitud fija 00819nam a22002175i 4500
001 - NÚMERO DE CONTROL
campo de control 162561
003 - IDENTIFICADOR DE NÚMERO DE CONTROL
campo de control ES-MaACL
005 - FECHA Y HORA DE LA ÚLTIMA TRANSACCIÓN
campo de control 20230906212544.0
008 - DATOS DE LONGITUD FIJA--INFORMACIÓN GENERAL
campo de control de longitud fija 041119m18621867fr |||| | fre d
040 ## - FUENTE DE CATALOGACIÓN
Centro catalogador/agencia de origen CAM
Lengua de catalogación spa
Centro/agencia transcriptor CAM
100 1# - ENTRADA PRINCIPAL--NOMBRE DE PERSONA
Nombre de persona Prévost-Paradol, Lucien Anatole.
9 (RLIN) 93822
245 10 - MENCIÓN DEL TÍTULO
Título Quelques pages d'histoire contemporaine
Resto del título : lettres politiques /
Mención de responsabilidad, etc. par Prévost-Paradol.
260 ## - PUBLICACIÓN, DISTRIBUCIÓN, ETC.
Lugar de publicación, distribución, etc. Paris :
Nombre del editor, distribuidor, etc. Michel Lèvy Frères, libraires éditeurs,
Fecha de publicación, distribución, etc. 1866 (
Fabricante Imp. Simon Raçon et Comp.)
300 ## - DESCRIPCIÓN FÍSICA
Extensión 4 v. ;
Dimensiones 18 cm.
490 1# - MENCIÓN DE SERIE
Mención de serie Bibliothèque contemporaine
596 ## - NOTA AL PIE DE IMPRENTA
NOTA AL PIE DE IMPRENTA En la cub. consta el imp.: Imprimerie L. Toinon et C.
597 ## - NOTA DE DESCRIPCIÓN FÍSICA
NOTA DE DESCRIPCIÓN FÍSICA Troisième série (XIX, 385 p.)
830 0# - PUNTO DE ACCESO ADICIONAL DE SERIE-TÍTULO UNIFORME
Título uniforme Bibliothèque contemporaine
9 (RLIN) 181673
852 ## - LOCALIZACIÓN
Ubicación ES-MaACL
Número de control de estantería D-3515
Nota libre -- Rúst.
condición física -- Sólo T. III
Holdings
Estatus retirado Estado de pérdida Estado de daño No para préstamo Colección Biblioteca de origen Biblioteca actual Ubicación en estantería Fecha de adquisición Fuente de adquisición Total de préstamos Signatura topográfica completa Código de barras Visto por última vez Precio de reemplazo Tipo de ítem Koha
        Libros del s. XIX Biblioteca del Ateneo de Madrid Biblioteca del Ateneo de Madrid Sala Valle Inclán 17/01/2008     D-3515 901170303 23/02/2023 23/02/2023 Libro impreso antiguo